A Winter's Ball Lyrics (Hamilton) - Statistics

General Stats
  • This quiz has been taken 16 times
  • The average score is 77 of 127
Answer Stats
Answer % Correct
a
100%
A
100%
ball
80%
of
80%
on
80%
or
80%
so
80%
son
80%
the
80%
winter's
80%
and
70%
And
70%
are
70%
bastard
70%
do
70%
does
70%
Hamilton
70%
How
70%
Ladies!
70%
one?
70%
orphan
70%
Schuyler
70%
sister
70%
to
70%
whore
70%
Yo,
70%
you
70%
1780
60%
all
60%
at
60%
Be
60%
Burr,
60%
But
60%
envy
60%
father
60%
fight,
60%
hand
60%
in
60%
Looks!
60%
many
60%
marry
60%
not
60%
power
60%
Proximity
60%
rich,
60%
right
60%
seated
60%
sisters
60%
There
60%
we
60%
We're
60%
what
60%
which
60%
with
60%
can
50%
common?
50%
deflower!
50%
go
50%
grow
50%
Hamilton's
50%
have
50%
hires
50%
if
50%
if,
50%
into
50%
is
50%
it
50%
obnoxious
50%
question
50%
reliable
50%
sight
50%
skill
50%
wants
50%
Washington
50%
write
50%
after
40%
arrogant
40%
him
40%
him!
40%
more
40%
named
40%
phenomenon?
40%
quill
40%
still
40%
That's
40%
this
40%
tomcat
40%
true!
40%
undeniable
40%
Watch
40%
you're
40%
bother
30%
her
30%
loudmouth
30%
Now
30%
delighted
20%
distracted
20%
Martha
20%
They
20%
No matching quizzes found
Score Distribution
Percent of People with Each Score
Percentile by Number Answered
Your Score History
You have not taken this quiz